000 00373nam a2200157Ia 4500
003 OSt
005 20240219152108.0
008 170524s9999 xx 000 0 und d
020 _a978-0073250328
040 _cIIMT UNIVERSITY MEERUT
100 _aForouzan B
245 0 _aData Communication and Networking
260 _bTMH New Delhi
260 _c2007
942 _2ddc
_c02
999 _c4948
_d4948